Геометрия (ბიბ.ჩანაწერი № 38952)
[ მარტივი ფორმატი ]
| 000 -LEADER | |
|---|---|
| fixed length control field | 00538nam a2200193Ia 4500 |
| 001 - CONTROL NUMBER | |
| control field | 5396 |
| 003 - CONTROL NUMBER IDENTIFIER | |
| control field | GE_BSU |
| 008 - FIXED-LENGTH DATA ELEMENTS--GENERAL INFORMATION | |
| fixed length control field | 181216s||||||||xx |||||||||||||| ||und|| |
| 040 ## - CATALOGING SOURCE | |
| Transcribing agency | GE_BSU |
| 080 ## - UNIVERSAL DECIMAL CLASSIFICATION NUMBER | |
| Universal Decimal Classification number | 514 |
| 100 ## - MAIN ENTRY--PERSONAL NAME | |
| Personal name | Моиз, Э; Эдвин, Даунс, Л. Флоид; |
| 245 ## - TITLE STATEMENT | |
| Title | Геометрия |
| 245 ## - TITLE STATEMENT | |
| Statement of responsibility, etc. | Под ред. И.М. Яглома. Пер. с английского ИюА. Вайштейна |
| 260 ## - PUBLICATION, DISTRIBUTION, ETC. | |
| Place of publication, distribution, etc. | Моска |
| 260 ## - PUBLICATION, DISTRIBUTION, ETC. | |
| Date of publication, distribution, etc. | 1972 |
| 300 ## - PHYSICAL DESCRIPTION | |
| Extent | 620 с. |
| 653 ## - INDEX TERM--UNCONTROLLED | |
| Uncontrolled term | Геометрия |
| 942 ## - ADDED ENTRY ELEMENTS (KOHA) | |
| Koha item type | წიგნი |
არაა ხელმისაწვდომი ეგზემპლარები.
